LIBRARY & INFORMATION CENTRE, KCAET, TAVANUR

ONLINE PUBLIC ACCESS CATALOGUE (OPAC)

Relativity and man / (Record no. 3255)

MARC details
000 -LEADER
fixed length control field 00428cam a2200181ua 4500
041 ## - LANGUAGE CODE
Language code of text/sound track or separate title eng
082 ## - DEWEY DECIMAL CLASSIFICATION NUMBER
Classification number 530.11
Item number SMI/RE
100 ## - MAIN ENTRY--AUTHOR NAME
Personal name Smilga, V .
245 ## - TITLE STATEMENT
Title Relativity and man /
250 ## - EDITION STATEMENT
Edition statement 1 /
260 ## - PUBLICATION, DISTRIBUTION, ETC. (IMPRINT)
Place of publication Moscow :
Name of publisher Progress Publishers ,
Year of publication 1955.
300 ## - PHYSICAL DESCRIPTION
Number of Pages 346 ; .
942 ## - ADDED ENTRY ELEMENTS (KOHA)
Koha item type Books
Holdings
Withdrawn status Lost status Damaged status Home library Current library Date acquired Full call number Accession Number Koha item type
      KAUAET KAUAET 07/04/2012 530.11 480 A Books
free website counter